[Event "IV Miedzynarodowy Turniej Szachowy im. J"]
[Site "Lublin"]
[Date "2012.??.??"]
[Round "1.1"]
[White "Stoma, Pawel"]
[Black "Rokita, Miroslaw"]
[Result "1-0"]
[WhiteElo "2304"]
[BlackElo "1787"]
[PlyCount "43"]
[EventDate "2012.??.??"]

1. e4 c5 2. d4 cxd4 3. c3 dxc3 4. Nxc3 e6 5. Nf3 b6 6. Bc4 Bb7 7. O-O Nc6 8.
Bg5 Be7 9. Nb5 f6 10. Bf4 Rc8 11. Bd6 a6 12. Bxe7 Kxe7 13. Nd6 Rb8 14. Nxb7
Rxb7 15. Bxa6 Ra7 16. Bb5 Nh6 17. Qd2 Nf7 18. Rfd1 Qa8 19. a4 Rd8 20. Qe3 Qb7
21. Rd2 Nd6 22. Qa3 1-0

[Event "IV Miedzynarodowy Turniej Szachowy im. J"]
[Site "Lublin"]
[Date "2012.??.??"]
[Round "1.2"]
[White "Chlewinski, Artur"]
[Black "Wojcieszyn, Jacenty"]
[Result "0-1"]
[WhiteElo "1704"]
[BlackElo "2250"]
[PlyCount "82"]
[EventDate "2012.??.??"]

1. e4 c5 2. Nf3 d6 3. d4 cxd4 4. Nxd4 Nf6 5. Nc3 g6 6. Be3 Bg7 7. f3 O-O 8. Qd2
Nc6 9. O-O-O Nxd4 10. Bxd4 Be6 11. Kb1 Qc7 12. g4 Rfc8 13. Nb5 Qd7 14. h4 a6
15. Nc3 b5 16. g5 Nh5 17. Bxg7 Kxg7 18. b3 Rc5 19. Qd4+ Kg8 20. Qxc5 dxc5 21.
Rxd7 Bxd7 22. Nd5 Kf8 23. c4 b4 24. Kc2 Rd8 25. Bd3 Bc6 26. Rg1 e6 27. Nf6 Nf4
28. Rd1 Kg7 29. Bf1 Rxd1 30. Kxd1 h5 31. Kd2 e5 32. Ke3 Kf8 33. Nd5 Ne6 34. Bh3
Bxd5 35. exd5 Nd4 36. Ke4 Ke7 37. f4 exf4 38. Kxf4 Kd6 39. Bc8 a5 40. Bb7 Nxb3
41. Bc6 Nc1 0-1

[Event "IV Miedzynarodowy Turniej Szachowy im. J"]
[Site "Lublin"]
[Date "2012.??.??"]
[Round "1.3"]
[White "Polkowski, Piotr"]
[Black "Greszeta, Robert"]
[Result "1-0"]
[WhiteElo "2165"]
[BlackElo "1602"]
[PlyCount "47"]
[EventDate "2012.??.??"]

1. b4 e5 2. Bb2 d6 3. g3 Nf6 4. Bg2 c6 5. e3 Be7 6. Ne2 Be6 7. d3 Nbd7 8. Nd2
Qc7 9. c4 Rc8 10. O-O O-O 11. Qc2 a6 12. d4 d5 13. c5 e4 14. a4 b5 15. f3 exf3
16. Rxf3 Bg4 17. Rf2 Bxe2 18. Rxe2 h6 19. a5 Rfe8 20. Rf1 Bf8 21. Bh3 Re7 22.
Nf3 Rce8 23. Bc1 Ne4 24. Rg2 1-0

[Event "IV Miedzynarodowy Turniej Szachowy im. J"]
[Site "Lublin"]
[Date "2012.??.??"]
[Round "1.4"]
[White "Nowosad, Jan"]
[Black "Praszak, Michal"]
[Result "0-1"]
[WhiteElo "1569"]
[BlackElo "2148"]
[PlyCount "142"]
[EventDate "2012.??.??"]

1. e4 g6 2. d4 Bg7 3. Nf3 b6 4. Nc3 Bb7 5. Be3 d6 6. Bd3 Nd7 7. Qd2 c5 8. O-O
Ngf6 9. Bh6 O-O 10. Bxg7 Kxg7 11. Rfe1 cxd4 12. Nxd4 Rc8 13. Rad1 a6 14. a4 Rc5
15. Qe2 Qa8 16. Nb3 Rc7 17. a5 b5 18. Nd2 Rfc8 19. Nf1 Ne5 20. f3 Qa7+ 21. Kh1
Qc5 22. Qe3 Qb4 23. Rb1 Nxd3 24. Qxd3 Qxa5 25. Ne3 Qb6 26. Rbd1 Qc5 27. Rd2 Qb4
28. Ned1 Qc4 29. Nf2 Qxd3 30. Nxd3 Rc4 31. Ree2 h5 32. h3 h4 33. Nf4 e5 34.
Nfd5 Bxd5 35. Nxd5 Nxd5 36. Rxd5 Rxc2 37. Rxc2 Rxc2 38. Rxd6 a5 39. b3 Rc3 40.
Ra6 Rc1+ 41. Kh2 Ra1 42. b4 a4 43. Rb6 Rb1 44. Rxb5 Kf6 45. Rb6+ Kg5 46. b5 f5
47. Ra6 Rb4 48. exf5 gxf5 49. b6 e4 50. fxe4 fxe4 51. Kg1 Kf4 52. b7 Rb1+ 53.
Kf2 Rb2+ 54. Kg1 Ke3 55. Rxa4 Rb1+ 56. Kh2 Rxb7 57. Ra8 Rb1 58. Re8 Rf1 59. Ra8
Rd1 60. Re8 Kd3 61. Rd8+ Ke2 62. Re8 e3 63. g4 Kf3 64. Rf8+ Ke4 65. Re8+ Kd3
66. Rd8+ Kc2 67. Rc8+ Kd2 68. Rd8+ Ke1 69. Re8 e2 70. Kg2 Kd2 71. Rd8+ Kc3 0-1

[Event "IV Miedzynarodowy Turniej Szachowy im. J"]
[Site "Lublin"]
[Date "2012.??.??"]
[Round "1.5"]
[White "Pikulinski, Janusz"]
[Black "Paluch, Andrzej"]
[Result "1-0"]
[WhiteElo "2063"]
[BlackElo "1569"]
[PlyCount "55"]
[EventDate "2012.??.??"]

1. e4 c6 2. d4 d5 3. Nc3 dxe4 4. Nxe4 Bf5 5. Ng3 Bg6 6. Nf3 Nf6 7. c3 e6 8. Be2
Nbd7 9. O-O Bd6 10. Be3 Qc7 11. Qd2 c5 12. Rad1 O-O 13. Bd3 Bxd3 14. Qxd3 c4
15. Qc2 Nd5 16. Ne4 Be7 17. Bg5 f6 18. Bh4 a5 19. Bg3 Qc6 20. Rfe1 Rfe8 21. Re2
Bf8 22. h3 a4 23. a3 Ra6 24. Rde1 Rb6 25. Ned2 h6 26. Nh4 g5 27. Qg6+ Kh8 28.
Qxe8 1-0

[Event "IV Miedzynarodowy Turniej Szachowy im. J"]
[Site "Lublin"]
[Date "2012.??.??"]
[Round "1.6"]
[White "Bednarczyk, Sylwester"]
[Black "Maka, Michal"]
[Result "0-1"]
[WhiteElo "1494"]
[BlackElo "2036"]
[PlyCount "60"]
[EventDate "2012.??.??"]

1. e4 e5 2. Nf3 Nc6 3. Bb5 g6 4. d3 Bg7 5. Nc3 Nge7 6. Bg5 h6 7. Bh4 g5 8. Bg3
a6 9. Ba4 d6 10. Nd5 b5 11. Bb3 Na5 12. Ne3 Nxb3 13. axb3 f5 14. exf5 Nxf5 15.
Nd2 O-O 16. O-O Nd4 17. c3 Ne6 18. Nd5 Bb7 19. Nb4 Qe8 20. Ne4 d5 21. Nd2 Qg6
22. Qe2 c5 23. Nc2 Rae8 24. f3 c4 25. bxc4 bxc4 26. Nb4 Nf4 27. Bxf4 exf4 28.
Qf2 cxd3 29. Qa7 Rf7 30. Nxa6 Ra8 0-1

[Event "IV Miedzynarodowy Turniej Szachowy im. J"]
[Site "Lublin"]
[Date "2012.??.??"]
[Round "1.7"]
[White "Krzyzanowski, Wojciech"]
[Black "Topolan, Agata"]
[Result "1-0"]
[WhiteElo "1981"]
[BlackElo "1430"]
[PlyCount "89"]
[EventDate "2012.??.??"]

1. d4 Nf6 2. c4 g6 3. f3 Bg7 4. e4 d6 5. Nc3 O-O 6. Be3 e5 7. d5 Nbd7 8. Qd2
Nb6 9. Bd3 Nfd7 10. g4 Nc5 11. g5 Nxd3+ 12. Qxd3 f5 13. gxf6 Qxf6 14. O-O-O Bd7
15. h4 Na4 16. Nxa4 Bxa4 17. Rf1 a6 18. h5 g5 19. Ne2 Bd7 20. Ng3 b5 21. Qd2 h6
22. c5 dxc5 23. Bxc5 Rfd8 24. Ne2 Bf8 25. Be3 c6 26. f4 exf4 27. Nxf4 Qe5 28.
Ng6 Qxe4 29. Rxf8+ Rxf8 30. Re1 Qc4+ 31. Qc3 Qxc3+ 32. bxc3 Rfe8 33. d6 Re6 34.
Ne7+ Kh7 35. Rf1 Rxd6 36. Bc5 Rd3 37. Kc2 Rxc3+ 38. Kxc3 Be6 39. a3 Bc4 40. Rf6
Bd5 41. Bd4 a5 42. Rg6 b4+ 43. axb4 axb4+ 44. Kxb4 Rb8+ 45. Kc5 1-0

[Event "IV Miedzynarodowy Turniej Szachowy im. J"]
[Site "Lublin"]
[Date "2012.??.??"]
[Round "1.8"]
[White "Bednarczyk, Katarzyna"]
[Black "Wojcieszyn, Zdzislaw"]
[Result "0-1"]
[WhiteElo "1379"]
[BlackElo "1975"]
[PlyCount "84"]
[EventDate "2012.??.??"]

1. e4 c5 2. Nf3 e6 3. Nc3 Nc6 4. d4 cxd4 5. Nxd4 Nf6 6. Bg5 Bb4 7. Nxc6 bxc6 8.
e5 Qa5 9. exf6 Qxg5 10. fxg7 Qxg7 11. Qd3 d5 12. Qf3 e5 13. Bd3 Bg4 14. Qg3 e4
15. Be2 Rg8 16. a3 Bxc3+ 17. bxc3 Bxe2 18. Kxe2 Qg4+ 19. Kf1 O-O-O 20. Rb1 Qxg3
21. hxg3 Rg7 22. Rh6 Kc7 23. Ke2 f5 24. Rf6 Rg5 25. Rf7+ Kd6 26. Ke3 Rh5 27.
Rxa7 Kc5 28. Ra5+ Kd6 29. a4 Rf8 30. Ra7 Rh2 31. a5 Kc5 32. a6 Kc4 33. Ra1 Kxc3
34. Rb7 d4+ 35. Ke2 Rxg2 36. a7 e3 37. a8=Q Rxf2+ 38. Ke1 Rxa8 39. Rxa8 Rxc2
40. Rd7 c5 41. Rd5 Kd3 42. Ra5 Rc1# 0-1

[Event "IV Miedzynarodowy Turniej Szachowy im. J"]
[Site "Lublin"]
[Date "2012.??.??"]
[Round "1.9"]
[White "Winiarski, Mikolaj"]
[Black "Topolan, Pawel"]
[Result "1-0"]
[WhiteElo "1955"]
[BlackElo "1335"]
[PlyCount "37"]
[EventDate "2012.??.??"]

1. d4 Nf6 2. e3 g6 3. Bd3 Bg7 4. f4 d6 5. Nf3 c6 6. O-O O-O 7. b3 Bg4 8. Bb2
Nbd7 9. Nbd2 Qc7 10. h3 Bxf3 11. Nxf3 Rfe8 12. Qe1 Nd5 13. c4 N5b6 14. Qh4 f5
15. Ng5 Nf6 16. g4 e6 17. Nf3 Nbd7 18. Rf2 d5 19. Rg2 1-0

[Event "IV Miedzynarodowy Turniej Szachowy im. J"]
[Site "Lublin"]
[Date "2012.??.??"]
[Round "1.10"]
[White "Fraczek, Weronika"]
[Black "Cymbala, Ireneusz"]
[Result "0-1"]
[WhiteElo "1303"]
[BlackElo "1910"]
[PlyCount "92"]
[EventDate "2012.??.??"]

1. e4 e6 2. d4 d5 3. exd5 Qxd5 4. Nf3 Nf6 5. c3 Nc6 6. Bd3 Bd7 7. Bf4 O-O-O 8.
O-O h6 9. Ne5 Nxe5 10. Bxe5 Bc6 11. f3 Be7 12. Nd2 Qd7 13. Bc4 Rhg8 14. Qc2 Nd5
15. Rfe1 h5 16. a4 h4 17. Bxd5 exd5 18. Bf4 g5 19. Be3 Bd6 20. b4 b6 21. b5 Bb7
22. Bf2 Rh8 23. Nf1 Rdg8 24. Ne3 Kb8 25. Ng4 Rg6 26. Re2 Bc8 27. Ne3 Bf4 28.
Ng4 Qd6 29. Ne5 Bxe5 30. Rxe5 g4 31. fxg4 Rxg4 32. Re2 Rhg8 33. Be3 Re4 34.
Rae1 Bf5 35. Qd2 Bh3 36. Kh1 Bg4 37. Rf2 Rge8 38. h3 Qg3 39. hxg4 Rxe3 40. Rxe3
Rxe3 41. Re2 Rxc3 42. Re1 h3 43. gxh3 Qxh3+ 44. Qh2 Qxg4 45. Qg2 Rh3+ 46. Kg1
Rg3 0-1

[Event "IV Miedzynarodowy Turniej Szachowy im. J"]
[Site "Lublin"]
[Date "2012.??.??"]
[Round "2.1"]
[White "Cymbala, Ireneusz"]
[Black "Stoma, Pawel"]
[Result "0-1"]
[WhiteElo "1910"]
[BlackElo "2304"]
[PlyCount "84"]
[EventDate "2012.??.??"]

1. f4 d5 2. Nf3 Nf6 3. e3 c6 4. b3 a5 5. Bb2 a4 6. b4 g6 7. Be2 Bg7 8. a3 O-O
9. O-O Bg4 10. Ne5 Bxe2 11. Qxe2 Na6 12. Nd3 Nc7 13. Be5 Ne4 14. Bxg7 Kxg7 15.
Ne5 Nd6 16. d3 Ndb5 17. c4 Nd6 18. Nc3 f6 19. Nf3 Qe8 20. c5 Ndb5 21. Nxb5 Nxb5
22. Qb2 Qd7 23. Rae1 Rae8 24. e4 dxe4 25. dxe4 Qd3 26. e5 Qxa3 27. Qxa3 Nxa3
28. Ra1 Nc2 29. Rxa4 fxe5 30. fxe5 Ra8 31. Rxa8 Rxa8 32. Rb1 Ra2 33. b5 Ne3 34.
bxc6 bxc6 35. Nd4 Rxg2+ 36. Kh1 Rd2 37. Nxc6 Nf5 38. Rc1 Nh4 39. Rf1 Rc2 40.
Nd4 Rc4 41. Ne6+ Kh6 42. h3 Nf5 0-1

[Event "IV Miedzynarodowy Turniej Szachowy im. J"]
[Site "Lublin"]
[Date "2012.??.??"]
[Round "2.2"]
[White "Wojcieszyn, Jacenty"]
[Black "Winiarski, Mikolaj"]
[Result "1-0"]
[WhiteElo "2250"]
[BlackElo "1955"]
[PlyCount "43"]
[EventDate "2012.??.??"]

1. d4 d5 2. Nf3 e6 3. c4 dxc4 4. Qa4+ Bd7 5. Qxc4 Na6 6. Bg5 Be7 7. Bxe7 Nxe7
8. e4 c5 9. dxc5 Qa5+ 10. Nbd2 O-O 11. a3 Qxc5 12. b4 Qh5 13. Be2 Rac8 14. Qd4
Ba4 15. O-O Ng6 16. Qe3 e5 17. g3 Qh3 18. Rfc1 h6 19. Qxa7 Rfd8 20. b5 f5 21.
bxa6 fxe4 22. Nxe4 1-0

[Event "IV Miedzynarodowy Turniej Szachowy im. J"]
[Site "Lublin"]
[Date "2012.??.??"]
[Round "2.3"]
[White "Siedlanowski, Lukasz"]
[Black "Polkowski, Piotr"]
[Result "0-1"]
[WhiteElo "1835"]
[BlackElo "2165"]
[PlyCount "68"]
[EventDate "2012.??.??"]

1. Nf3 d5 2. d4 c6 3. c3 Bf5 4. Bf4 Nf6 5. e3 Qb6 6. Qb3 Nh5 7. Nbd2 Nxf4 8.
exf4 h6 9. Be2 e6 10. O-O Bd6 11. g3 Nd7 12. Ne5 Qxb3 13. axb3 g5 14. Bh5 Rf8
15. Rfe1 Nf6 16. Bf3 gxf4 17. gxf4 Rg8+ 18. Kh1 Ke7 19. b4 Ne8 20. b5 cxb5 21.
Re3 f6 22. Nd3 Bxd3 23. Rxd3 Bxf4 24. Bg2 Bxd2 25. Rxd2 Kd6 26. Re2 Nc7 27.
Rae1 a5 28. Re3 Rg6 29. f4 f5 30. Bf3 Rag8 31. R3e2 R6g7 32. Rg2 Rxg2 33. Bxg2
Rg4 34. Rf1 b6 0-1

[Event "IV Miedzynarodowy Turniej Szachowy im. J"]
[Site "Lublin"]
[Date "2012.??.??"]
[Round "2.4"]
[White "Praszak, Michal"]
[Black "Czerw, Dawid"]
[Result "0-1"]
[WhiteElo "2148"]
[BlackElo "1853"]
[PlyCount "62"]
[EventDate "2012.??.??"]

1. e4 e6 2. d4 d5 3. e5 c5 4. c3 Nc6 5. Nf3 Qb6 6. a3 Nh6 7. Bxh6 gxh6 8. b4
cxd4 9. cxd4 Bg7 10. Nc3 O-O 11. Be2 f6 12. exf6 Bxf6 13. Na4 Qc7 14. Rc1 Qg7
15. Rxc6 bxc6 16. O-O e5 17. dxe5 Bh3 18. Ne1 Bxe5 19. Kh1 Bf5 20. Nc5 Rae8 21.
Nf3 Bf6 22. b5 Qe7 23. Bd3 Qxc5 24. Bxf5 Qxb5 25. Bd3 Qc5 26. Qa4 Bg7 27. Qa6
Rf4 28. h3 Qb6 29. Rc1 Qxa6 30. Bxa6 Re6 31. Bb7 Rc4 0-1

[Event "IV Miedzynarodowy Turniej Szachowy im. J"]
[Site "Lublin"]
[Date "2012.??.??"]
[Round "2.5"]
[White "Nowicki, Andrzej"]
[Black "Pikulinski, Janusz"]
[Result "1-0"]
[WhiteElo "1820"]
[BlackElo "2063"]
[PlyCount "83"]
[EventDate "2012.??.??"]

1. e4 e5 2. Nc3 Nc6 3. Bc4 Nf6 4. d3 h6 5. Be3 Bb4 6. a3 Bxc3+ 7. bxc3 O-O 8.
Qf3 Na5 9. Ba2 Qe7 10. Ne2 Kh8 11. g4 Ng8 12. g5 g6 13. gxh6 Kh7 14. Qg3 d6 15.
Kd2 Be6 16. c4 f5 17. Bg5 Qf7 18. f4 fxe4 19. Raf1 exd3 20. fxe5 Qd7 21. cxd3
dxe5 22. Qxe5 Nc6 23. Qe3 Rae8 24. Rxf8 Rxf8 25. Nf4 Bf5 26. h4 Re8 27. Qg3 Qd4
28. Rb1 b6 29. Ne2 Qd7 30. h5 Ne5 31. hxg6+ Nxg6 32. Rf1 Bg4 33. Nc3 c6 34. c5
Be6 35. Qd6 Qc8 36. Bxe6 Qxe6 37. Qxe6 Rxe6 38. Rf7+ Kh8 39. h7 N8e7 40. cxb6
axb6 41. Bf6+ Rxf6 42. Rxf6 1-0

[Event "IV Miedzynarodowy Turniej Szachowy im. J"]
[Site "Lublin"]
[Date "2012.??.??"]
[Round "2.6"]
[White "Maka, Michal"]
[Black "Wroblewski, Mieczyslaw"]
[Result "1/2-1/2"]
[WhiteElo "2036"]
[BlackElo "1821"]
[PlyCount "32"]
[EventDate "2012.??.??"]

1. Nf3 Nf6 2. b3 b6 3. Bb2 e6 4. g3 d5 5. Bg2 c5 6. d4 Bb7 7. Nbd2 Nbd7 8. O-O
Bd6 9. c4 O-O 10. cxd5 exd5 11. Ne1 Re8 12. Nd3 Ba6 13. Re1 Rc8 14. Rc1 cxd4
15. Bxd4 Bxd3 16. exd3 Bb4 1/2-1/2

[Event "IV Miedzynarodowy Turniej Szachowy im. J"]
[Site "Lublin"]
[Date "2012.??.??"]
[Round "2.8"]
[White "Wojcieszyn, Zdzislaw"]
[Black "Krasowski, Piotr"]
[Result "1-0"]
[WhiteElo "1975"]
[BlackElo "1800"]
[PlyCount "64"]
[EventDate "2012.??.??"]

1. d4 Nf6 2. c4 g6 3. Nf3 Bg7 4. g3 d6 5. Bg2 Nc6 6. Nc3 O-O 7. d5 Na5 8. Nd2
b6 9. O-O Bd7 10. b4 Nb7 11. Bb2 Qc8 12. Re1 Bh3 13. Bh1 Ng4 14. Qc2 a5 15. a3
axb4 16. axb4 Rxa1 17. Rxa1 f5 18. e3 Ne5 19. Ne2 g5 20. f4 Bg4 21. Nd4 gxf4
22. exf4 Bh6 23. Ne6 Rf7 24. fxe5 Be3+ 25. Kg2 f4 26. gxf4 Bxe6 27. dxe6 Qxe6
28. Nf1 Qg4+ 29. Ng3 Rxf4 30. Rf1 Rxf1 31. Kxf1 Nd8 32. exd6 cxd6 1-0

[Event "IV Miedzynarodowy Turniej Szachowy im. J"]
[Site "Lublin"]
[Date "2012.??.??"]
[Round "2.9"]
[White "Rokita, Miroslaw"]
[Black "Bednarczyk, Katarzyna"]
[Result "1-0"]
[WhiteElo "1787"]
[BlackElo "1379"]
[PlyCount "55"]
[EventDate "2012.??.??"]

1. e4 e5 2. Nf3 Nc6 3. Bb5 a6 4. Ba4 Nf6 5. O-O Bc5 6. c3 b5 7. Bb3 O-O 8. Re1
d6 9. h3 Bb7 10. d4 exd4 11. cxd4 Bb6 12. a3 h6 13. Nc3 Re8 14. Bf4 Ne7 15. Qd3
Qd7 16. e5 Nfd5 17. Bd2 Rad8 18. Bc2 Ng6 19. Nh4 Nde7 20. e6 Qc6 21. d5 Qc4 22.
exf7+ Kxf7 23. Qf3+ Kg8 24. Nxg6 Nxg6 25. Rxe8+ Rxe8 26. Bxg6 Rf8 27. Bh7+ Kxh7
28. Qxf8 1-0

[Event "IV Miedzynarodowy Turniej Szachowy im. J"]
[Site "Lublin"]
[Date "2012.??.??"]
[Round "2.10"]
[White "Topolan, Pawel"]
[Black "Chlewinski, Artur"]
[Result "0-1"]
[WhiteElo "1335"]
[BlackElo "1704"]
[PlyCount "52"]
[EventDate "2012.??.??"]

1. e4 e6 2. d4 d5 3. Bd3 c5 4. c3 Nc6 5. Nf3 Qb6 6. Bc2 Nf6 7. e5 Nd7 8. b3 f6
9. Bf4 cxd4 10. cxd4 Nb4 11. O-O Nxc2 12. Qxc2 Be7 13. Nc3 O-O 14. Rfe1 fxe5
15. Bxe5 Nxe5 16. Rxe5 Bf6 17. Rh5 g6 18. Rh6 Bg7 19. Rh4 Qd8 20. Qd2 Rxf3 21.
Rg4 Rxc3 22. Qxc3 e5 23. Rg3 e4 24. Rc1 Bh6 25. Qc7 Qxc7 26. Rxc7 Bf4 0-1

[Event "IV Miedzynarodowy Turniej Szachowy im. J"]
[Site "Lublin"]
[Date "2012.??.??"]
[Round "2.11"]
[White "Greszeta, Robert"]
[Black "Fraczek, Weronika"]
[Result "1/2-1/2"]
[WhiteElo "1602"]
[BlackElo "1303"]
[PlyCount "72"]
[EventDate "2012.??.??"]

1. d4 Nf6 2. c4 g6 3. Nc3 Bg7 4. e4 d6 5. Nf3 c6 6. h3 Nbd7 7. Be3 O-O 8. Qd2
e5 9. d5 c5 10. Be2 Nb6 11. b3 Bd7 12. Bh6 Re8 13. Bxg7 Kxg7 14. g4 Qc8 15. g5
Nh5 16. h4 Nf4 17. O-O-O Bg4 18. Nh2 Nxe2+ 19. Nxe2 Bxe2 20. Qxe2 Nd7 21. h5
Qd8 22. Rdg1 a5 23. hxg6 hxg6 24. Qg4 Rh8 25. Nf3 Nb6 26. Rh3 Qd7 27. Qxd7 Nxd7
28. Rgh1 Rxh3 29. Rxh3 a4 30. Kb1 axb3 31. axb3 b5 32. Nd2 b4 33. Kc2 Rh8 34.
Rxh8 Kxh8 35. Kd3 f6 36. gxf6 Nxf6 1/2-1/2

[Event "IV Miedzynarodowy Turniej Szachowy im. J"]
[Site "Lublin"]
[Date "2012.??.??"]
[Round "3.1"]
[White "Stoma, Pawel"]
[Black "Wojcieszyn, Zdzislaw"]
[Result "1-0"]
[WhiteElo "2304"]
[BlackElo "1975"]
[PlyCount "57"]
[EventDate "2012.??.??"]

1. d4 d5 2. Nf3 Nf6 3. Bf4 Bf5 4. e3 e6 5. c3 Nbd7 6. h3 h6 7. Bd3 Ne4 8. a3
Be7 9. Bh2 O-O 10. O-O c5 11. c4 dxc4 12. Bxc4 Bd6 13. Bxd6 Nxd6 14. Be2 Qb6
15. Nc3 cxd4 16. Na4 Qd8 17. Nxd4 Ne5 18. Qb3 Be4 19. Nc3 Bd3 20. Nxe6 fxe6 21.
Qxe6+ Ndf7 22. Rad1 Bxe2 23. Rxd8 Raxd8 24. Nxe2 Rd2 25. Nf4 Rxb2 26. Nd5 Nc6
27. f4 Kh8 28. Qg6 Kg8 29. Nf6+ 1-0

[Event "IV Miedzynarodowy Turniej Szachowy im. J"]
[Site "Lublin"]
[Date "2012.??.??"]
[Round "3.2"]
[White "Krzyzanowski, Wojciech"]
[Black "Wojcieszyn, Jacenty"]
[Result "1/2-1/2"]
[WhiteElo "1981"]
[BlackElo "2250"]
[PlyCount "78"]
[EventDate "2012.??.??"]

1. e4 c5 2. Nf3 e6 3. d4 cxd4 4. Nxd4 Nf6 5. Nc3 Bb4 6. Bd3 d5 7. exd5 Nxd5 8.
Bd2 Nxc3 9. bxc3 Be7 10. O-O Nd7 11. Qe2 O-O 12. Rfe1 Re8 13. Rad1 Nf6 14. Bg5
Nd5 15. Bd2 a6 16. Nb3 Qc7 17. Qe4 f5 18. Qc4 Bd7 19. Qxc7 Nxc7 20. c4 Rac8 21.
Bf4 Bb4 22. Re2 b5 23. Bxc7 Rxc7 24. cxb5 axb5 25. Nd4 Ra7 26. Nxb5 Rxa2 27.
Bc4 Ra5 28. Nd4 Kf7 29. Nxf5 Bb5 30. Bxb5 Rxb5 31. Ne3 Bc3 32. g3 Rc5 33. Rd3
Re7 34. Kg2 Rec7 35. Rd6 Be5 36. Ra6 Bd4 37. c4 Bxe3 38. Rxe3 Rxc4 39. Raxe6
R4c6 1/2-1/2

[Event "IV Miedzynarodowy Turniej Szachowy im. J"]
[Site "Lublin"]
[Date "2012.??.??"]
[Round "3.3"]
[White "Polkowski, Piotr"]
[Black "Nowicki, Andrzej"]
[Result "1-0"]
[WhiteElo "2165"]
[BlackElo "1820"]
[PlyCount "83"]
[EventDate "2012.??.??"]

1. e4 e5 2. Nc3 Nc6 3. Bc4 Bc5 4. d3 d6 5. Nf3 h6 6. Be3 Nf6 7. h3 O-O 8. O-O
Re8 9. Nh2 Na5 10. Bb3 Nxb3 11. axb3 Be6 12. Bxc5 dxc5 13. f4 exf4 14. Rxf4
Qd4+ 15. Rf2 c6 16. Qe2 b5 17. Nf3 Qd7 18. e5 Bd5 19. Qe3 Qe7 20. Qf4 Qc7 21.
Nxd5 Nxd5 22. Qg4 Re6 23. c3 Rae8 24. d4 Rg6 25. Qe4 cxd4 26. cxd4 Rge6 27. Rc2
Rd8 28. Nh4 g6 29. Nf3 Kg7 30. Kh1 Rd7 31. h4 Qd8 32. Rac1 Nb4 33. Rc5 Rd5 34.
h5 f5 35. exf6+ Qxf6 36. Ne5 Rxc5 37. Rxc5 Qg5 38. hxg6 Qh5+ 39. Kg1 Qd1+ 40.
Kh2 Qxb3 41. Qf5 Rd6 42. d5 1-0

[Event "IV Miedzynarodowy Turniej Szachowy im. J"]
[Site "Lublin"]
[Date "2012.??.??"]
[Round "3.4"]
[White "Czerw, Dawid"]
[Black "Maka, Michal"]
[Result "1-0"]
[WhiteElo "1853"]
[BlackElo "2036"]
[PlyCount "53"]
[EventDate "2012.??.??"]

1. d4 d6 2. Nf3 Bg4 3. e4 e6 4. Be3 Nf6 5. Nbd2 d5 6. Bd3 Be7 7. O-O O-O 8. c3
b6 9. e5 Nfd7 10. Qc2 g6 11. h3 Bf5 12. g4 Bxd3 13. Qxd3 c5 14. Nh2 c4 15. Qc2
Kh8 16. f4 Rg8 17. Kh1 Bf8 18. Ndf3 Nc6 19. f5 exf5 20. gxf5 f6 21. Ng4 Ne7 22.
fxg6 Rxg6 23. e6 f5 24. Nge5 Nxe5 25. Nxe5 Qe8 26. Nxg6+ hxg6 27. Rae1 1-0

[Event "IV Miedzynarodowy Turniej Szachowy im. J"]
[Site "Lublin"]
[Date "2012.??.??"]
[Round "3.5"]
[White "Wroblewski, Mieczyslaw"]
[Black "Praszak, Michal"]
[Result "0-1"]
[WhiteElo "1821"]
[BlackElo "2148"]
[PlyCount "75"]
[EventDate "2012.??.??"]

1. e4 g5 2. d4 h6 3. Bc4 Bg7 4. Nc3 Nc6 5. Be3 d6 6. Nge2 Nf6 7. h3 Nxe4 8.
Nxe4 d5 9. Bd3 dxe4 10. Bxe4 Qd6 11. c3 f5 12. Bf3 O-O 13. Qb3+ Kh8 14. Qd5 Qg6
15. g3 e5 16. Bd2 Rd8 17. Qc5 e4 18. Bg2 Be6 19. Qb5 a6 20. Qa4 b5 21. Qd1 Bc4
22. h4 Kg8 23. b3 Bxe2 24. Qxe2 b4 25. Qc4+ Kf8 26. Qc5+ Rd6 27. hxg5 hxg5 28.
O-O-O Rad8 29. g4 f4 30. Rh5 Bf6 31. Rdh1 bxc3 32. Bxc3 Ne7 33. Rh6 Qe8 34.
Qxd6 Rxd6 35. Bxe4 Ng8 36. Bb4 Qxe4 37. Bxd6+ cxd6 38. Rh7 0-1

[Event "IV Miedzynarodowy Turniej Szachowy im. J"]
[Site "Lublin"]
[Date "2012.??.??"]
[Round "3.6"]
[White "Pikulinski, Janusz"]
[Black "Topolan, Agata"]
[Result "1-0"]
[WhiteElo "2063"]
[BlackElo "1430"]
[PlyCount "53"]
[EventDate "2012.??.??"]

1. e4 e5 2. Nf3 Nc6 3. d4 exd4 4. Nxd4 Bc5 5. Nb3 Bb6 6. Be2 d6 7. O-O Nf6 8.
Nc3 O-O 9. Bg5 Be6 10. Nd5 Bxd5 11. exd5 Ne5 12. c4 Kh8 13. Qc2 h6 14. Bh4 Rg8
15. Bg3 Nfd7 16. Kh1 c6 17. Rad1 Qc7 18. f4 Ng6 19. dxc6 bxc6 20. Bh5 Ndf8 21.
Rfe1 Ba5 22. Re2 Kh7 23. f5 Nh8 24. Rxd6 Qb7 25. Nxa5 Qb4 26. Nxc6 Qc5 27. Ne7
1-0

[Event "IV Miedzynarodowy Turniej Szachowy im. J"]
[Site "Lublin"]
[Date "2012.??.??"]
[Round "3.8"]
[White "Chlewinski, Artur"]
[Black "Cymbala, Ireneusz"]
[Result "1/2-1/2"]
[WhiteElo "1704"]
[BlackElo "1910"]
[PlyCount "111"]
[EventDate "2012.??.??"]

1. e4 e6 2. d4 d5 3. Nd2 Nf6 4. e5 Nfd7 5. c3 c5 6. Bd3 Nc6 7. Ne2 cxd4 8. cxd4
f6 9. f4 Qb6 10. Nf3 Bb4+ 11. Kf1 fxe5 12. dxe5 Be7 13. a3 Nc5 14. b4 Nxd3 15.
Qxd3 O-O 16. Be3 Qd8 17. h4 Bd7 18. Ng5 Bxg5 19. hxg5 g6 20. Kg1 b6 21. g3 Rc8
22. Ra2 d4 23. Bxd4 Nxd4 24. Qxd4 Bc6 25. Qxd8 Rfxd8 26. Rh2 Rd1+ 27. Kf2 Bd5
28. Rb2 Ra1 29. Nd4 Rxa3 30. Nb5 Rf3+ 31. Ke1 a6 32. Nd6 Rc1+ 33. Kd2 Rcc3 34.
Ne8 Rfd3+ 35. Ke2 Kh8 36. Nf6 Bf3+ 37. Kf2 Rc7 38. g4 Bb7 39. Ke2 Rd8 40. Rd2
Rdc8 41. Nxh7 Rxh7 42. Rxh7+ Kxh7 43. Rd7+ Kg8 44. Rxb7 Rc6 45. Kd3 b5 46. Rd7
Rc4 47. Rd4 Rc1 48. Ke2 Rb1 49. f5 gxf5 50. gxf5 exf5 51. Rf4 Kf7 52. Rxf5+ Ke6
53. Rf6+ Kxe5 54. Rxa6 Rxb4 55. g6 Rg4 56. Rb6 1/2-1/2

[Event "IV Miedzynarodowy Turniej Szachowy im. J"]
[Site "Lublin"]
[Date "2012.??.??"]
[Round "3.13"]
[White "Nowosad, Jan"]
[Black "Greszeta, Robert"]
[Result "1-0"]
[WhiteElo "1569"]
[BlackElo "1602"]
[PlyCount "63"]
[EventDate "2012.??.??"]

1. e4 c6 2. d4 d5 3. Nc3 dxe4 4. Nxe4 Bf5 5. Ng3 Bg6 6. h4 h6 7. Nf3 e6 8. h5
Bh7 9. Bd3 Bxd3 10. Qxd3 Nd7 11. Bd2 Qc7 12. O-O-O O-O-O 13. Qe2 Bd6 14. Ne4
Be7 15. Kb1 Ngf6 16. Nxf6 gxf6 17. Bc3 Kb8 18. Nd2 e5 19. Nc4 exd4 20. Bxd4
Rhe8 21. Rhe1 b6 22. Qf3 c5 23. Be3 Ne5 24. Nxe5 fxe5 25. Rxd8+ Rxd8 26. Bxh6
f6 27. Bg7 Qd6 28. h6 Qd2 29. Rh1 e4 30. Qg3+ Kb7 31. a3 Qe2 32. Qe3 1-0

[Event "IV Miedzynarodowy Turniej Szachowy im. J"]
[Site "Lublin"]
[Date "2012.??.??"]
[Round "3.14"]
[White "Bednarczyk, Katarzyna"]
[Black "Paluch, Andrzej"]
[Result "0-1"]
[WhiteElo "1379"]
[BlackElo "1569"]
[PlyCount "64"]
[EventDate "2012.??.??"]

1. e4 c6 2. d4 d5 3. Nc3 dxe4 4. Nxe4 Nd7 5. Nf3 Ngf6 6. Ng3 e6 7. Bc4 Bd6 8.
Bd2 Qb6 9. b3 O-O 10. O-O c5 11. Bc3 Qc7 12. Qe2 cxd4 13. Bxd4 b6 14. a4 a6 15.
Rad1 Be7 16. Rfe1 Bb7 17. c3 Nc5 18. b4 Nxa4 19. Bb3 b5 20. Qd3 Nb6 21. Bc2 g6
22. Qe2 Nbd5 23. Ne4 Rac8 24. Nxf6+ Bxf6 25. Bxf6 Nxf6 26. Nd4 Qxc3 27. Qe5 Nd5
28. Rb1 Nxb4 29. Re3 Qc4 30. Bb3 Qc5 31. Qf6 Nd5 32. Bxd5 Qxd5 0-1

[Event "IV Miedzynarodowy Turniej Szachowy im. J"]
[Site "Lublin"]
[Date "2012.??.??"]
[Round "3.15"]
[White "Bednarczyk, Sylwester"]
[Black "Topolan, Pawel"]
[Result "1-0"]
[WhiteElo "1494"]
[BlackElo "1335"]
[PlyCount "63"]
[EventDate "2012.??.??"]

1. e4 e5 2. Nf3 Nc6 3. Bb5 a6 4. Ba4 d6 5. c3 Nf6 6. d4 b5 7. Bb3 Na5 8. Bc2
Nc6 9. dxe5 Nxe5 10. Nxe5 dxe5 11. Qxd8+ Kxd8 12. O-O h6 13. Rd1+ Bd6 14. f3
Be6 15. Be3 Ke7 16. Nd2 g5 17. Nf1 g4 18. Ng3 Rag8 19. Rf1 h5 20. f4 h4 21.
fxe5 Bxe5 22. Nf5+ Bxf5 23. Rxf5 Nd7 24. Bb3 Rg7 25. Rd1 f6 26. Bd5 h3 27. g3
Bd6 28. Bb7 Ne5 29. Bf4 Bc5+ 30. Kh1 Nc4 31. Rxc5 Nxb2 32. Rxc7+ 1-0